Examen de los exámenes

I tiakina i:
Ngā taipitopito rārangi puna kōrero
Hōputu: Pukapuka
Reo:Pāniora
I whakaputaina: Buenos Aires Angel Estrada 1971
Putanga:1a. ed
Rangatū:Biblioteca de Ciencias de la Educación
Ngā marau:
Ngā Tūtohu: Tāpirihia he Tūtohu
Kāore He Tūtohu, Me noho koe te mea tuatahi ki te tūtohu i tēnei pūkete!

MARC

LEADER 00000nam a2200000 a 4500
001 UCK9320
003 CL-VaPUC
008 060428e19710000AG |||||||||||||||||spa|d
082 0 4 |a 371.26  |b EXA  |2 21 
245 1 0 |a Examen de los exámenes 
250 |a 1a. ed 
300 |a 297 p 
942 |c BK 
945 |d 20060428 00:00:00  |a cmena 
260 |a Buenos Aires  |b Angel Estrada  |c 1971 
650 0 |a Evaluación de la educación   |9 237505 
650 7 |a TESTS  |2 CL-VaPUC  |9 309359 
650 0 |a Calidad de la educación   |9 307271 
650 0 |a Filosofía de la educación   |9 258384 
650 0 |a Psicología educacional   |9 307830 
583 |a last modification  |c 20060428 00:00:00  |k Rodrigo Vera 
490 0 |a Biblioteca de Ciencias de la Educación 
999 |c 316537  |d 316535 
952 |0 0  |1 0  |4 0  |6 371_260000000000000_EXA_1971  |7 0  |8 P  |9 390976  |a BIBEDU  |b BIBEDU  |c BIBEDU_PB  |d 2019-11-22  |i 4224809  |o 371.26 EXA 1971  |p 4224809  |r 2024-01-25  |w 2019-11-22  |y BK  |k EDU